000 00632 a2200205 4500
260 _aLondres
711 _d18-21 octobre 1993
711 _cNamur
100 _aDUBOIS, J.
260 _bJ. Libbey Eurotext
245 _aQuel avenir pour l'amélioration des plantes ?
300 _aXVII-513p.
650 _aAMELIORATION DES PLANTES
260 _c1995
130 _lFr
440 _a(universités francophones. Actualité scientifique)
711 _aQuatrième journées scientifiques du réseau biotechnologies végétales de l'UREF (université des réseaux d'expression française)
999 _c21838
_d21838